The radicalisation of the new Chinese working class: a case study of collective action in the gemstone industry (Record no. 82262)

000 -LEADER
fixed length control field 00474pab a2200169 454500
008 - FIXED-LENGTH DATA ELEMENTS--GENERAL INFORMATION
fixed length control field 180718b2009 xxu||||| |||| 00| 0 eng d
100 ## - MAIN ENTRY--PERSONAL NAME
Personal name Nang, Leung Pak
245 ## - TITLE STATEMENT
Title The radicalisation of the new Chinese working class: a case study of collective action in the gemstone industry
260 ## - PUBLICATION, DISTRIBUTION, ETC.
Date of publication, distribution, etc. 2009
300 ## - PHYSICAL DESCRIPTION
Extent p.551-65.
650 ## - SUBJECT ADDED ENTRY--TOPICAL TERM
Topical term or geographic name entry element Workers - China
650 ## - SUBJECT ADDED ENTRY--TOPICAL TERM
Topical term or geographic name entry element Workers
700 ## - ADDED ENTRY--PERSONAL NAME
Personal name Ngai, Pun
773 ## - HOST ITEM ENTRY
Main entry heading Third World Quarterly
908 ## - PUT COMMAND PARAMETER (RLIN)
Put command parameter N
909 ## -
-- 82262
Holdings
Withdrawn status Lost status Damaged status Not for loan Permanent Location Current Location Date acquired Serial Enumeration / chronology Barcode Date last seen Price effective from Koha item type
        Indian Institute of Public Administration Indian Institute of Public Administration 2018-07-19 Volume no: 30, Issue no: 3 AR82722 2018-07-19 2018-07-19 Articles

Powered by Koha